BIG3 Rosters 2018 - Statistics

General Stats
  • This quiz has been taken 3 times
  • The average score is 24 of 56
Answer Stats
Team Role Player % Correct
3's Company Coach Allen Iverson
100%
Killer 3's Coach Charles Oakley
100%
Power Co-Captain Cuttino Mobley
100%
3 Headed Monsters Coach Gary Payton
100%
TriState Coach Julius Erving
100%
Trilogy Co-Captain Rashad McCants
100%
3 Headed Monsters Player Captain Rashard Lewis
100%
Trilogy Co-Captain Al Harrington
67%
TriState Co-Captain Amar'e Stoudemire
67%
3's Company Co-Captain Baron Davis
67%
Ball Hogs Player Captain Brian Scalabrine
67%
Trilogy Player Dahntay Jones
67%
Power Co-Captain Glen Davis
67%
3 Headed Monsters Player Mahmoud Abdul-Rauf
67%
TriState Co-Captain Nate Robinson
67%
Ghost Ballers Co-Captain Ricky Davis
67%
3 Headed Monsters Player Salim Stoudamire
67%
Killer 3's Co-Captain Stephen Jackson
67%
Killer 3's Player Alan Anderson
33%
3's Company Player Andre Emmett
33%
Ball Hogs Player Andre Owens
33%
TriState Player Bonzi Wells
33%
Ghost Ballers Co-Captain Carlos Boozer
33%
Killer 3's Player Captain Chauncey Billups
33%
Power Player Chris Andersen
33%
Power Player Captain Corey Maggette
33%
TriState Player David Hawkins
33%
3's Company Player Captain DeMarr Johnson
33%
3's Company Player Derrick Byars
33%
Ball Hogs Co-Captain DeShawn Stevenson
33%
3's Company Co-Captain Drew Gooden
33%
Ghost Ballers Coach George Gervin
33%
3's Company Player Jason Maxiell
33%
TriState Player Captain Jermaine O'Neal
33%
Ball Hogs Co-Captain Josh Childress
33%
Trilogy Player Coach Kenyon Martin
33%
Ghost Ballers Player Lee Nailon
33%
Ghost Ballers Player Marcus Banks
33%
Killer 3's Co-Captain Metta World Peace
33%
Ghost Ballers Player Captain Mike Bibby
33%
Killer 3's Player Mike James
33%
Power Coach Nancy Lieberman
33%
Power Player Quentin Richardson
33%
3 Headed Monsters Co-Captain Reggie Evans
33%
Ball Hogs Coach Rick Barry
33%
Trilogy Coach Rick Mahorn
33%
Ball Hogs Player Corsley Edwards
0%
3 Headed Monsters Co-Captain Damien Wilkins
0%
Trilogy Player Dion Glover
0%
Trilogy Player James White
0%
Ball Hogs Player Jermaine Taylor
0%
3 Headed Monsters Player Kwame Brown
0%
Ghost Ballers Player Mario West
0%
TriState Player Robert Hite
0%
Power Player Ryan Gomes
0%
Killer 3's Player Ryan Hollins
0%
No matching quizzes found
Score Distribution
Percent of People with Each Score
Percentile by Number Answered
Your Score History
You have not taken this quiz